Process equipment design : vessel design /

Guardado en:
Autor Principal: Brownell, Lloyd Earl, 1915-
Otros Autores: Young, Edwin H. 1918-
Formato: Libro
Idioma:English
Publicado: New York : Wiley, 1959.
Materias:
Etiquetas: Agregar Etiqueta
Sin Etiquetas, Sea el primero en etiquetar este registro!
LEADER 00787cam a22002175a 4500
001 EIQ.libpla003139
008 720425s1959####nyuao####b####000#0#eng#d
005 20071025175644.0
245 1 0 |a Process equipment design :  |b vessel design /  |c [by] Lloyd E. Brownell [and] Edwin H. Young. 
260 |a New York :  |b Wiley,  |c 1959. 
300 |a 408 p. :  |b il., fotos. 
504 |a Incluye referencias bibliográficas. 
020 |a 0852260873 
100 1 |a Brownell, Lloyd Earl,  |d 1915- 
700 1 |a Young, Edwin H.  |q (Edwin Harold),  |d 1918- 
246 3 0 |a Vessel design. 
650 4 |a Ingeniería química  |x Equipo y fuentes. 
650 0 |a Chemical engineering  |x Equipment and supplies. 
010 |a  59005882  
040 |a DLC  |c OYU  |d Uk  |d DLC  |d AR-BbSID 
859 |a AR-BbSID  |b BIB. PLAPIQUI  |h 660.283  |i B 81  |p 2262